| 000 | 01107nam a2200325 i 4500 | ||
|---|---|---|---|
| 001 | 000007551 | ||
| 003 | DO-SdBNP | ||
| 005 | 20250905135535.0 | ||
| 008 | 090909s1999 dr bc 001 0 spa d | ||
| 020 | _a8495246007 | ||
| 040 |
_aDO-SdBNP _bspa _cBNPHU _erda |
||
| 041 | _hspa | ||
| 049 | _aBNPD | ||
| 082 | 4 |
_a574.5 _bH798g _222 |
|
| 100 | 1 |
_aHoppe, Jürgen, _eautor _4aut. _97822 |
|
| 245 | 1 | 0 |
_aGuía ecológica : _bla costa norte de la República Dominicana / _cJürgen Hoppe. |
| 250 | _aPrimera edición | ||
| 264 | 4 |
_aSanto Domingo : _bEditora Fundación Manuel de Jesús Tavares Portes, INC. _bEditora Educa, _c©1999. |
|
| 300 |
_avolúmen : _bmapas, retratos ; _c23 cm. |
||
| 336 |
_atexto _btxt _2rdacontent |
||
| 337 |
_asin mediación _bn _2rdamedia |
||
| 338 |
_avolumen _bnc _2rdacarrier |
||
| 500 | _aIncluye índices | ||
| 500 | _aLa biblioteca posee el volúmen 3 | ||
| 504 | _aBibliografías : página 76 | ||
| 590 | _aInventariado, 2024/BT | ||
| 650 | 4 |
_aEcología _zRepública Dominicana _96952 |
|
| 650 | 4 |
_aCosta norte _zRepública Dominicana _920962 _vGuías |
|
| 942 |
_2ddc _cLBS1 |
||
| 999 |
_c7332 _d7332 |
||